| 000 | 00850cam a2200265 a 4500 | ||
|---|---|---|---|
| 001 | 15094309 | ||
| 003 | ARRUPE | ||
| 005 | 20130918144219.0 | ||
| 008 | 071127s2007 sa s000 1 eng | ||
| 010 | _a 2007332733 | ||
| 020 | _a9781869141318 (pbk.) | ||
| 020 | _a1869141318 (pbk.) | ||
| 040 |
_aDLC _cDLC |
||
| 043 | _af-sa--- | ||
| 050 | 0 | 0 |
_aPR9369.3M3 _bW5 2007 |
| 100 | 1 |
_aMahala, Siphiwo. _9605 |
|
| 245 | 1 | 0 |
_aWhen a man cries / _cSiphiwo Mahala. |
| 260 |
_aScottsville, South Africa : _bUniversity of KwaZulu-Natal Press, _c2007. |
||
| 300 |
_a162p.; _c22cm. |
||
| 651 | 0 |
_aSouth Africa _vFiction. _9606 |
|
| 710 | 2 |
_aUniversity of KwaZulu-Natal. _9607 |
|
| 906 |
_a7 _bcbc _corignew _d3 _encip _f20 _gy-gencatlg |
||
| 942 |
_2lcc _cMONOGRAPH |
||
| 999 |
_c117890 _d117890 |
||